Využívanie ekonomických zákonov socializmu pri tvorbe obsahu, štruktúry a mechanizmu realizácie hospodárskej politiky priebežná oponentúra IX-2-2/10

Guardado en:
Detalles Bibliográficos
Formato: Libro
Lenguaje:eslovaco
Publicado: Bratislava VŠE 1987
Etiquetas: Agregar Etiqueta
Sin Etiquetas, Sea el primero en etiquetar este registro!

MARC

LEADER 00000nam a2200000 4500
001 c032575
005 20260325125358.5
041 0 |a slo 
044 |a SK 
245 1 0 |a Využívanie ekonomických zákonov socializmu pri tvorbe obsahu, štruktúry a mechanizmu realizácie hospodárskej politiky  |b priebežná oponentúra IX-2-2/10 
264 1 |a Bratislava  |b VŠE  |c 1987 
300 |a 102 s.